• 首页
  • 本馆介绍
  • 公告通知
  • 最新文献
  • 馆藏检索
  • 电子资源
  • 读者导购
  • 参考咨询
  • 我的图书馆
  • 登录
  • 详细信息显示
  • 放入我的书架
  • 预约/预借图书
  • 作者相关作品
  • 分类相关作品
  • 丛书相关作品
  • 出版社相关作品

书目信息

  • 表格格式
  • 工作单格式
  • 卡片格式
题名:
瓦合集
    
 
作者: 董耀会 著
分册:  
出版信息: 北京   科学出版社  2004
页数: 312页, [1]叶图版
开本: 27cm
丛书名:
单 册:
中图分类: K928.77
科图分类:
主题词: 地理--中国
电子资源:
ISBN: 7-03-012939-3
000 00844nam0 2200241 450
001 CAL 010030030284
005 20070727165433.37
010    @a7-03-012939-3@b精装@dCNY80.00
100    @a20040605d2004 em y0chiy0121 ea
101 0  @achi
102    @aCN@b110000
105    @af z 000yy
200 1  @a瓦合集@Awa he ji@e长城研究文论@f董耀会著
210    @a北京@c科学出版社@d2004
215    @a312页, [1]叶图版@d27cm
330    @a本书是作者对长城各类问题所做的综合性研究文集。书中共收录论文40篇, 内容涉及对长城学的研究、长城历史文化研究、长城的保护和资源开发讨论, 以及对长城学会的工作展望等。
517 1  @a长城研究文论@Achang cheng yan jiu wen lun
606 0  @a地理@x中国
607    @a长城@Achang cheng@x研究@j文集
690    @aK928.77@v4
701  0 @a董耀会@Adong yao hui@4著
801  0 @aCN@bWHC@c20070727
905    @a10447@dK928.77@e464
    
    瓦合集:长城研究文论/董耀会著.-北京:科学出版社,2004
    312页, [1]叶图版;27cm
    
    
    ISBN 7-03-012939-3(精装):CNY80.00
    本书是作者对长城各类问题所做的综合性研究文集。书中共收录论文40篇, 内容涉及对长城学的研究、长城历史文化研究、长城的保护和资源开发讨论, 以及对长城学会的工作展望等。
●
相关链接 在E读中查询图书 在五车中查询图书 在当当中查询图书 在豆瓣中查询图书


正题名:瓦合集     索取号:K928.77/464         预约/预借

序号 登录号 条形码 馆藏地/架位号 状态 备注
1 0785462   207854623   第二借阅区/ [索取号:K928.77/464] 在馆    
2 0785463   207854632   第二借阅区/ [索取号:K928.77/464] 在馆    
唐山师范学院图书馆 欢迎您!
大连网信软件有限公司© 版权所有